Public welfare and work incentives : theory and practice /

Bibliographic Details
Main Author: Burke, Vee
Corporate Authors: ProQuest (Firm), United States. Congress. Joint Economic Committee. Subcommittee on Fiscal Policy
Other Authors: Townsend, Alair A.
Format: Government Document eBook
Language:English
Published: Washington : U.S. Govt. Print. Off, 1974.
Series:U.S. Congressional Research.
Subjects:
Online Access:Connect to the full text of this electronic book

MARC

Tag First Indicator Second Indicator Subfields
LEADER 00000cam a22000001a 4500
001 in00003268621
006 m d f
007 cr bn mmmapmmp
008 101011s1974 dcua o f000 0 eng d
005 20260430162312.7
035 |a cis2007809115 
040 |a LexisNexis  |c LexisNexis  |d UtOrBLW 
043 |a n-us--- 
086 0 |a Y 4.Ec 7:W 45/paper14 
099 |a CMP-1974-ECJ-0017 
100 1 |a Burke, Vee. 
245 1 0 |a Public welfare and work incentives :  |b theory and practice /  |c a staff study prepared for the use of the Subcommittee on Fiscal Policy of the Joint Economic Committee, Congress of the United States [by Vee Burke and Alair A. Townsend]. 
264 1 |a Washington :  |b U.S. Govt. Print. Off,  |c 1974. 
300 |a 1 online resource. 
336 |a text  |b txt  |2 rdacontent 
337 |a computer  |b c  |2 rdamedia 
338 |a online resource  |b cr  |2 rdacarrier 
500 |a Record is based on bibliographic data in LexisNexis U.S. Congressional Research Digital Collection. Reuse except for individual research requires license from LexisNexis. 
500 |a Electronic resource. 
650 0 |a Public welfare  |z United States. 
650 0 |a Labor supply  |z United States  |x Effect of income maintenance programs on. 
655 7 |a Electronic books.  |2 local 
700 1 |a Townsend, Alair A. 
710 2 |a ProQuest (Firm) 
710 1 |a United States.  |b Congress.  |b Joint Economic Committee.  |b Subcommittee on Fiscal Policy. 
776 0 8 |i Print version:   |t Public welfare and work incentives  |z 74601452 //r84 
776 0 8 |i Microfiche version:   |t Public welfare and work incentives  |d [Bethesda, Md.] : LexisNexis Academic & Library Solutions,1974.   |o CIS 74 J842-12  |w (LexisNexis)cis07400683 
830 0 |a U.S. Congressional Research. 
856 4 0 |u http://proxy.library.tamu.edu/login?url=https://congressional.proquest.com/congcomp/getdoc?CRDC-ID=CMP-1974-ECJ-0017  |z Connect to the full text of this electronic book  |t 0 
998 |a cis07400683 
999 |a MARS 
999 f f |s 183c995a-5247-31b5-b2d8-95b4a39d048c  |i 589d5426-bfb4-3089-a1ea-2ea17e63bc5a  |t 0 
952 f f |a Texas A&M University  |b College Station  |c Electronic Resources  |s www_evans  |d Available Online  |t 0  |e CMP-1974-ECJ-0017  |h Other scheme 
998 f f |a CMP-1974-ECJ-0017  |t 0  |l Available Online